[Event "Kazan BRICS Games Blitz (Women)"]
[Site "Kazan"]
[Date "2024.06.19"]
[Round "9"]
[White "Zeliantsova, Kseniya"]
[Black "Lagno, Kateryna"]
[Result "0-1"]
[WhiteElo "1962"]
[BlackElo "2532"]
[PlyCount "80"]
[EventDate "2024.06.19"]
[EventType "swiss (blitz)"]
[EventRounds "11"]
[EventCountry "RUS"]
[SourceTitle "CBM 220 Extra"]
[Source "ChessBase"]
[SourceDate "2024.07.31"]
[SourceVersion "1"]
[SourceVersionDate "2024.07.31"]
[SourceQuality "1"]

1. e4 e5 2. Nf3 Nc6 3. Bb5 a6 4. Ba4 Nf6 5. d3 b5 6. Bb3 Be7 7. c3 0-0 8. 0-0 h6 9. h3 Re8 10. Re1 Bf8 11. Nbd2 Na5 12. Bc2 c5 13. d4 d6 14. Nf1 Nc6 15. Ng3 cxd4 16. cxd4 exd4 17. Nxd4 Nxd4 18. Qxd4 Be6 19. Bf4 Rc8 20. Bd3 d5 21. e5 Bc5 22. Bh7+ Nxh7 23. Qd2 Ng5 24. h4 Ne4 25. Nxe4 dxe4 26. Qe2 Qxh4 27. Be3 Bc4 28. Qd2 Bd3 29. Rac1 Bxe3 30. Qxe3 Rxc1 31. Rxc1 Qg5 32. Qe1 Qxe5 33. Rc3 b4 34. Rb3 a5 35. a3 Bc4 36. Rg3 Qxb2 37. axb4 axb4 38. Qe3 Qa1+ 39. Kh2 Qe5 40. Kg1 b3 0-1

[Event "Kazan BRICS Games Rapid (Women)"]
[Site "Kazan"]
[Date "2024.06.18"]
[Round "1"]
[White "Zeliantsova, Kseniya"]
[Black "Amichba, Deia"]
[Result "1-0"]
[WhiteElo "1962"]
[BlackElo "1561"]
[PlyCount "73"]
[EventDate "2024.06.18"]
[EventType "swiss (rapid)"]
[EventRounds "9"]
[EventCountry "RUS"]
[SourceTitle "CBM 220 Extra"]
[Source "ChessBase"]
[SourceDate "2024.07.31"]
[SourceVersion "1"]
[SourceVersionDate "2024.07.31"]
[SourceQuality "1"]

1. e4 e5 2. Nf3 Nc6 3. Bc4 Bc5 4. c3 Nf6 5. d3 h6 6. h3 d6 7. 0-0 0-0 8. Re1 Be6 9. Nbd2 a6 10. a4 a5 11. b3 Qd7 12. Bxe6 Qxe6 13. Nc4 Rfe8 14. d4 exd4 15. cxd4 Bb4 16. d5 Qe7 17. dxc6 Bxe1 18. Qxe1 bxc6 19. e5 Qd7 20. Ba3 Nd5 21. Qc1 Re6 22. exd6 cxd6 23. Bb2 Rg6 24. Kh1 Re6 25. Qd2 Qc7 26. Qd4 Nf6 27. Ne3 Re4 28. Qc3 d5 29. Nxd5 Qd8 30. Nxf6+ gxf6 31. Qxc6 Re6 32. Qc4 Rc8 33. Qg4+ Kh7 34. Nh4 Re5 35. Bxe5 fxe5 36. Rd1 Qf6 37. Qxc8 1-0

[Event "Minsk Kupreichik Memorial op"]
[Site "Minsk"]
[Date "2024.05.20"]
[Round "5"]
[White "Abramkina, Veranika"]
[Black "Zeliantsova, Kseniya"]
[Result "1/2-1/2"]
[WhiteElo "1840"]
[BlackElo "1956"]
[PlyCount "155"]
[EventDate "2024.05.17"]
[EventType "swiss"]
[EventRounds "7"]
[EventCountry "BLR"]
[SourceTitle "CBM 220 Extra"]
[Source "ChessBase"]
[SourceDate "2024.07.31"]
[SourceVersion "1"]
[SourceVersionDate "2024.07.31"]
[SourceQuality "1"]

1. e4 c5 2. Nf3 a6 3. c4 Nc6 4. d4 cxd4 5. Nxd4 e5 6. Nf5 d6 7. Ne3 Nf6 8. Nc3 g6 9. Ned5 Nxd5 10. Nxd5 Bg7 11. Be3 Nd4 12. Be2 0-0 13. 0-0 Be6 14. Qd2 Rc8 15. Rac1 Kh8 16. Rfd1 f5 17. exf5 Bxd5 18. cxd5 Nxe2+ 19. Qxe2 gxf5 20. Rxc8 Qxc8 21. Rc1 Qd8 22. Bd2 Qb6 23. b3 Qd4 24. Bg5 Qxd5 25. Be7 Rg8 26. Rd1 Qe6 27. Bxd6 Rc8 28. h3 h6 29. Ba3 e4 30. Bb2 Rg8 31. Bxg7+ Rxg7 32. Rd8+ Kh7 33. Qd2 Qg6 34. g3 Qg5 35. Kh2 e3 36. Qd3 exf2 37. Kg2 Qxg3+ 38. Qxg3 Rxg3+ 39. Kxf2 Rxh3 40. Rd7+ Kg6 41. Rxb7 Rh2+ 42. Kg3 Rxa2 43. Kf4 Rf2+ 44. Kg3 Re2 45. Rb6+ Kg5 46. Rxa6 Re3+ 47. Kg2 Rxb3 48. Ra4 h5 49. Rc4 h4 50. Rc8 Kg4 51. Rg8+ Kf4 52. Ra8 Re3 53. Rb8 h3+ 54. Kh2 Kf3 55. Kxh3 Kf2+ 56. Kh2 f4 57. Rb4 f3 58. Rb1 Re1 59. Rb2+ Re2 60. Rb1 Rd2 61. Ra1 Rb2 62. Rc1 Ra2 63. Rb1 Re2 64. Ra1 Re1 65. Ra2+ Ke3 66. Ra3+ Kf4 67. Ra4+ Re4 68. Ra1 Re2+ 69. Kh3 Ke3 70. Kg3 Rg2+ 71. Kh3 Rd2 72. Kg3 Ke2 73. Rb1 Ra2 74. Rc1 f2 75. Kg2 Ke3 76. Rf1 Rb2 77. Ra1 Ke2 78. Rf1 1/2-1/2

[Event "Minsk Kupreichik Memorial op"]
[Site "Minsk"]
[Date "2024.05.20"]
[Round "6"]
[White "Zeliantsova, Kseniya"]
[Black "Vahura, Kira"]
[Result "1-0"]
[WhiteElo "1956"]
[BlackElo "1515"]
[PlyCount "41"]
[EventDate "2024.05.17"]
[EventType "swiss"]
[EventRounds "7"]
[EventCountry "BLR"]
[SourceTitle "CBM 220 Extra"]
[Source "ChessBase"]
[SourceDate "2024.07.31"]
[SourceVersion "1"]
[SourceVersionDate "2024.07.31"]
[SourceQuality "1"]

1. e4 c5 2. Nf3 e6 3. d4 cxd4 4. Nxd4 Nf6 5. Nc3 Bb4 6. Bd3 Nc6 7. Nxc6 bxc6 8. 0-0 Bxc3 9. bxc3 0-0 10. e5 Nd5 11. c4 Ne7 12. Bg5 h6 13. Qh5 Re8 14. Bf6 Ba6 15. Qg4 g6 16. Qh4 Kh7 17. Bg5 Rh8 18. Bxe7 Qa5 19. Qf6 h5 20. Qxf7+ Kh6 21. Qxg6# 1-0